000 00936nam a2200277 a 4500
001 000014409
005 20200929163841.0
008 091212s2001 sp b 000 f spa d
020 _a8466302255
040 _aDO-SdBNP
_bspa
_cBNPHU
041 1 7 _aspa
_heng
_2Código de idioma MARC
082 _a813.5
_bC311a
100 1 _aCarr, Caleb,
_d1955-
_932518
240 1 4 _aThe angel of darkness.
_lEspañol
245 1 3 _aEl ángel de la oscuridad /
_cCaleb Carr ; traducción de María Eugenia Ciocchini.
260 _a[Madrid] :
_bSuma de Letras,
_c2001.
300 _a981, [10] p. :
_bmapas ;
_c18 cm.
490 1 _aPunto de lectura
_v49/2
534 _pTítulo original en inglés:
_tThe angel of darkness
_c1997
650 4 _aNovela estadounidense
_9262
650 4 _aLiteratura estadounidense
_9263
700 1 _aCiocchini, María Eugenia,
_etr.
_911890
830 0 _aPunto de lectura ;
_v49/2
_93047
910 _aWM
049 _aBNGR
999 _c14000
_d14000